| 000 | 00727cpcaa22002417a 4500 | ||
|---|---|---|---|
| 001 | mm 79000832 | ||
| 003 | DLC | ||
| 005 | 20260227111633.0 | ||
| 008 | 790226|||||||||||| eng | ||
| 010 | _amm 79000832 | ||
| 040 |
_aDLC _cDLC _edacs _dDLC |
||
| 072 | 7 |
_aL _2lcmd |
|
| 100 | 1 | _aCarter, W. H. | |
| 245 | 0 | 0 |
_aW.H. Carter sermon, _f1865. |
| 300 |
_a1 _fitem. |
||
| 506 | 0 | _aOpen to research. | |
| 545 | 0 | _aClergyman. | |
| 546 | _aCollection material in English. | ||
| 580 | _aForms part of: Miscellaneous Manuscripts collection. | ||
| 650 | 0 | _aSermons. | |
| 656 | 7 |
_aClergy. _2itoamc |
|
| 999 |
_c40528 _d40528 |
||